2020 Election Results - Statistics

General Stats
  • This quiz has been taken 103 times
  • The average score is 16 of 51
Answer Stats
Hint Answer % Correct
92.1 Washington DC
97%
69.9 Wyoming
74%
66.1 Vermont
69%
68.6 West Virginia
55%
49.5 Georgia
53%
49.4 Arizona
48%
65.3 Massachusetts
48%
49.9 North Carolina
43%
65.4 Oklahoma
43%
49.5 Wisconsin
43%
50.6 Michigan
41%
50.1 Pennsylvania
41%
63.7 California
40%
51.2 Florida
38%
63.7 Hawaii
36%
50.1 Nevada
36%
52.1 Texas
36%
65.3 Maryland
34%
56.4 New York
31%
63.8 Idaho
29%
65.1 North Dakota
29%
62.1 Alabama
28%
62.4 Arkansas
26%
58.8 Delaware
26%
52.5 Minnesota
26%
59.6 Rhode Island
26%
55.4 Colorado
24%
59.2 Connecticut
24%
53.5 Maine
24%
61.8 South Dakota
24%
57.1 New Jersey
22%
54.3 New Mexico
22%
53.1 Ohio
22%
56.5 Kansas
21%
52.8 New Hampshire
21%
56.6 Oregon
21%
60.7 Tennessee
21%
54.2 Virginia
21%
58.4 Washington
21%
53.2 Alaska
19%
57.3 Illinois
19%
53.2 Iowa
19%
58.2 Utah
19%
62.1 Kentucky
17%
58.5 Nebraska
17%
58.5 Louisiana
16%
58.3 Mississippi
16%
56.9 Missouri
16%
56.7 Montana
16%
57.0 Indiana
14%
55.1 South Carolina
7%
No matching quizzes found
Score Distribution
Percent of People with Each Score
Percentile by Number Answered
Your Score History
You have not taken this quiz